[Event "72. Bulgaria ch"]
[Site "Plovdiv BUL"]
[Date "2008.03.14"]
[Round "1.1"]
[White "Janev, Evgeni"]
[Black "Kozhuharov, Spas"]
[Result "1/2-1/2"]
[WhiteElo "2485"]
[BlackElo "2456"]
[PlyCount "51"]
[EventDate "2008.03.14"]
[EventType "tourn"]
[EventRounds "13"]
[EventCountry "BUL"]
[EventCategory "8"]
[Source "lmi"]
[SourceDate "2008.03.14"]

1. e4 c6 2. d4 d5 3. Nd2 dxe4 4. Nxe4 Nd7 5. Nf3 Ngf6 6. Ng3 e6 7. Be2 Bd6 8.
O-O Qc7 9. Bd3 O-O 10. c3 b6 11. Qe2 Bb7 12. Ne4 Bf4 13. Nxf6+ Nxf6 14. Ba6
Bxa6 15. Qxa6 Rfd8 16. Bxf4 Qxf4 17. Rad1 Qc7 18. Qe2 Rd5 19. c4 Rd6 20. Rd3
Rad8 21. Rfd1 h6 22. h3 c5 23. b3 Kf8 24. Qe3 Kg8 25. R3d2 cxd4 26. Rxd4
1/2-1/2

[Event "72. Bulgaria ch"]
[Site "Plovdiv BUL"]
[Date "2008.03.14"]
[Round "1.2"]
[White "Mladenov, Plamen"]
[Black "Petkov, Vladimir"]
[Result "1/2-1/2"]
[WhiteElo "2288"]
[BlackElo "2434"]
[PlyCount "81"]
[EventDate "2008.03.14"]
[EventType "tourn"]
[EventRounds "13"]
[EventCountry "BUL"]
[EventCategory "8"]
[Source "lmi"]
[SourceDate "2008.03.14"]

1. c4 Nf6 2. Nc3 e6 3. e4 c5 4. Nf3 Nc6 5. Be2 d5 6. cxd5 exd5 7. exd5 Nxd5 8.
d4 Be6 9. O-O Be7 10. Ne4 cxd4 11. Nxd4 Nxd4 12. Qxd4 O-O 13. Nc5 Nf4 14. Qxf4
Bxc5 15. Be3 Bd6 16. Qa4 Qb8 17. h3 Bh2+ 18. Kh1 Be5 19. f4 Bf6 20. Bf3 a5 21.
Qb5 Qe8 22. Qxb7 Rb8 23. Qa7 Bxb2 24. Bc5 Bxa1 25. Bxf8 Bd4 26. Qxd4 Qxf8 27.
Qa7 Qb4 28. a3 Qb6 29. Qxb6 Rxb6 30. Rd1 Kf8 31. Rd8+ Ke7 32. Ra8 Rb5 33. Kh2
h5 34. a4 Rc5 35. Be2 Bd5 36. Ra7+ Kf6 37. Bb5 Rc2 38. Bf1 Rc5 39. Bb5 Rc2 40.
Bf1 Rc5 41. Bb5 1/2-1/2

[Event "72. Bulgaria ch"]
[Site "Plovdiv BUL"]
[Date "2008.03.14"]
[Round "1.3"]
[White "Milchev, Nikolay"]
[Black "Spasov, Vasil"]
[Result "0-1"]
[WhiteElo "2373"]
[BlackElo "2579"]
[PlyCount "88"]
[EventDate "2008.03.14"]
[EventType "tourn"]
[EventRounds "13"]
[EventCountry "BUL"]
[EventCategory "8"]
[Source "lmi"]
[SourceDate "2008.03.14"]

1. d4 Nf6 2. Nf3 g6 3. c4 Bg7 4. Nc3 d6 5. e4 O-O 6. h3 Na6 7. g3 e5 8. Bg2
exd4 9. Nxd4 Nc5 10. O-O Re8 11. Re1 Bd7 12. Bf4 h6 13. g4 h5 14. f3 a6 15. Qd2
Ne6 16. Be3 Nxd4 17. Bxd4 c5 18. Bf2 hxg4 19. hxg4 Be6 20. Rad1 Nd7 21. Qxd6
Ne5 22. Qxd8 Raxd8 23. Nd5 Nxc4 24. b3 Nb2 25. Rd2 c4 26. bxc4 Nxc4 27. Rd3 b5
28. Red1 Rc8 29. Rb1 g5 30. Nb4 a5 31. Nd5 b4 32. Be1 Be5 33. Bf1 Kg7 34. Rc1
Nb2 35. Rxc8 Rxc8 36. Rb3 Na4 37. Bf2 Nc3 38. a3 Nxd5 39. exd5 Bxd5 40. Rd3 Bc4
41. Re3 Bd4 42. Re1 Bxf2+ 43. Kxf2 Bxf1 44. Rxf1 Rc2+ 0-1

[Event "72. Bulgaria ch"]
[Site "Plovdiv BUL"]
[Date "2008.03.14"]
[Round "1.4"]
[White "Iotov, Valentin"]
[Black "Tsvetkov, Ilia"]
[Result "1-0"]
[WhiteElo "2495"]
[BlackElo "2352"]
[PlyCount "89"]
[EventDate "2008.03.14"]
[EventType "tourn"]
[EventRounds "13"]
[EventCountry "BUL"]
[EventCategory "8"]
[Source "lmi"]
[SourceDate "2008.03.14"]

1. d4 Nf6 2. c4 e6 3. Nc3 d5 4. Nf3 Be7 5. Bg5 h6 6. Bh4 O-O 7. e3 b6 8. Rc1
Bb7 9. Bxf6 Bxf6 10. cxd5 exd5 11. b4 c5 12. bxc5 bxc5 13. dxc5 Nd7 14. c6 Bxc6
15. Nd4 Bb7 16. Be2 Nc5 17. O-O Ne6 18. Nxe6 fxe6 19. Na4 Qe7 20. Nc5 Rac8 21.
Nxb7 Qxb7 22. Bg4 Qa6 23. Qd2 Rfd8 24. Rxc8 Rxc8 25. Rb1 Rd8 26. g3 d4 27. exd4
Bxd4 28. Re1 Rd6 29. Qc2 Qb6 30. Bxe6+ Kh8 31. Bb3 Rd8 32. Re6 Qc5 33. Qg6 Qf8
34. Re2 Bc5 35. Bc2 Qg8 36. Re5 Bd4 37. Rh5 Rd7 38. Rf5 Rd8 39. g4 Bb6 40. g5
Rc8 41. Rf3 Rc5 42. h4 Rc8 43. Kh1 Rc4 44. Rf8 Rxh4+ 45. Kg2 1-0

[Event "72. Bulgaria ch"]
[Site "Plovdiv BUL"]
[Date "2008.03.14"]
[Round "1.5"]
[White "Vasilev, Milen"]
[Black "Arnaudov, G. Petar"]
[Result "1-0"]
[WhiteElo "2470"]
[BlackElo "2345"]
[PlyCount "83"]
[EventDate "2008.03.14"]
[EventType "tourn"]
[EventRounds "13"]
[EventCountry "BUL"]
[EventCategory "8"]
[Source "lmi"]
[SourceDate "2008.03.14"]

1. d4 Nf6 2. c4 e6 3. Nf3 Bb4+ 4. Nbd2 b6 5. a3 Bxd2+ 6. Bxd2 h6 7. e3 Bb7 8.
Bd3 d6 9. O-O Nbd7 10. Qc2 c5 11. b4 O-O 12. Bc3 Qe7 13. Nd2 Rac8 14. dxc5 dxc5
15. b5 Qd6 16. Rfd1 Qc7 17. Ne4 Rcd8 18. Nd6 Ba8 19. Qb2 g6 20. Bf1 Ne8 21.
Nxe8 Rfxe8 22. a4 Kh7 23. Rd2 e5 24. Rad1 Re7 25. Rd6 Rde8 26. Qd2 Nf8 27. f3
Bb7 28. a5 Bc8 29. Be2 Bd7 30. Qd5 Re6 31. Rxd7 Nxd7 32. Qxd7 Qxd7 33. Rxd7
R8e7 34. Rd5 f6 35. g4 Kg7 36. Kf2 Rc7 37. h4 Rce7 38. Bd3 Rc7 39. h5 g5 40.
Bf5 Re8 41. Rd6 Rb8 42. f4 1-0

[Event "72. Bulgaria ch"]
[Site "Plovdiv BUL"]
[Date "2008.03.14"]
[Round "1.6"]
[White "Rusev, Krasimir"]
[Black "Lilov, Valeri"]
[Result "1-0"]
[WhiteElo "2521"]
[BlackElo "2323"]
[PlyCount "125"]
[EventDate "2008.03.14"]
[EventType "tourn"]
[EventRounds "13"]
[EventCountry "BUL"]
[EventCategory "8"]
[Source "lmi"]
[SourceDate "2008.03.14"]

1. d4 e6 2. c4 Nf6 3. Nf3 c5 4. d5 exd5 5. cxd5 b5 6. Bg5 d6 7. e3 a6 8. a4 b4
9. Nbd2 Be7 10. Nc4 a5 11. Qc2 O-O 12. Bxf6 h6 13. Bd3 Bxf6 14. O-O Qc7 15.
Rad1 Bg4 16. Bf5 Bxf3 17. gxf3 g6 18. Bh3 Bg7 19. Kh1 Na6 20. b3 Qd8 21. Rg1
Nc7 22. Rg3 Ne8 23. f4 Nf6 24. Bg2 Ra7 25. Bf3 Kh8 26. Rdg1 Ng8 27. f5 Ne7 28.
Be4 Qd7 29. f4 Ng8 30. Qg2 Qd8 31. Qh3 Nf6 32. Bf3 Ng8 33. fxg6 f5 34. Rg5 Qf6
35. Rh5 Re7 36. Bd1 Re4 37. Bc2 Rxc4 38. bxc4 Qc3 39. Bxf5 Qxc4 40. Bb1 b3 41.
Qe6 Qe2 42. Rh3 c4 43. Qxd6 c3 44. Qb6 Qc4 45. Qc6 Rc8 46. Qxc4 Rxc4 47. e4 c2
48. Rxb3 c1=Q 49. Rxc1 Rxc1+ 50. Kg2 Rc4 51. d6 Rxa4 52. Rb8 Rb4 53. Rxb4 axb4
54. e5 Bf8 55. Kf3 Kg7 56. Kg4 b3 57. Kf5 Be7 58. dxe7 Nxe7+ 59. Ke4 Kxg6 60.
f5+ Kg5 61. h4+ Kxh4 62. f6 Ng6 63. e6 1-0

[Event "72. Bulgaria ch"]
[Site "Plovdiv BUL"]
[Date "2008.03.14"]
[Round "1.7"]
[White "Nikolov, Momchil"]
[Black "Radulski, Julian"]
[Result "1/2-1/2"]
[WhiteElo "2500"]
[BlackElo "2511"]
[PlyCount "63"]
[EventDate "2008.03.14"]
[EventType "tourn"]
[EventRounds "13"]
[EventCountry "BUL"]
[EventCategory "8"]
[Source "lmi"]
[SourceDate "2008.03.14"]

1. d4 d5 2. Nf3 e6 3. c4 Nf6 4. Nc3 Be7 5. Bg5 O-O 6. e3 b6 7. cxd5 Nxd5 8.
Bxe7 Qxe7 9. Nxd5 exd5 10. Be2 Be6 11. O-O c5 12. dxc5 bxc5 13. Rc1 Nd7 14. Qa4
Rfb8 15. Bb5 Rb6 16. Bxd7 Bxd7 17. Qa3 Rc8 18. Rfd1 Be6 19. Rd3 Qb7 20. b3 h6
21. Rdc3 Ra6 22. Qb2 Rac6 23. Qa3 Ra6 24. Qb2 Rac6 25. h3 a5 26. Ne5 R6c7 27.
Nd3 Qb6 28. Nf4 a4 29. Qc2 axb3 30. axb3 c4 31. bxc4 dxc4 32. Qe4 1/2-1/2

[Event "72. Bulgaria ch"]
[Site "Plovdiv BUL"]
[Date "2008.03.15"]
[Round "2.2"]
[White "Lilov, Valeri"]
[Black "Nikolov, Momchil"]
[Result "1/2-1/2"]
[WhiteElo "2323"]
[BlackElo "2500"]
[PlyCount "166"]
[EventDate "2008.03.14"]
[EventType "tourn"]
[EventRounds "13"]
[EventCountry "BUL"]
[EventCategory "8"]
[Source "lmi"]
[SourceDate "2008.03.14"]

1. e4 c5 2. Nf3 e6 3. d4 cxd4 4. Nxd4 a6 5. Bd3 Nf6 6. O-O Qc7 7. Qe2 d6 8. c4
g6 9. Nc3 Bg7 10. Nf3 O-O 11. Rd1 Nc6 12. h3 Nd7 13. Bd2 Nde5 14. Rac1 b6 15.
Be3 Rb8 16. b3 Nxf3+ 17. Qxf3 Ne5 18. Qe2 Bb7 19. Bb1 Rfd8 20. Qd2 f6 21. f4
Nf7 22. Qf2 Bc6 23. f5 exf5 24. exf5 Ne5 25. Be4 Bxe4 26. Nxe4 gxf5 27. Ng3 f4
28. Qxf4 Qf7 29. Nf5 Bf8 30. Rd5 b5 31. Rcd1 bxc4 32. bxc4 Rdc8 33. Nxd6 Bxd6
34. Rxd6 Ng6 35. Qxf6 Qxf6 36. Rxf6 Rxc4 37. Rxa6 Rc2 38. Rd2 Rbb2 39. Ra8+ Kf7
40. Ra7+ Ke6 41. Rxc2 Rxc2 42. Rxh7 Rxa2 43. Rc7 Ne5 44. Rc1 Re2 45. Bd4 Nf7
46. Rf1 Nd6 47. Bc3 Ne4 48. Be1 Rc2 49. Bh4 Nd2 50. Rf4 Nc4 51. Rf2 Rc3 52. Bg5
Ne5 53. Kh2 Rb3 54. Bf6 Nf7 55. Bd4 Nd6 56. Bg7 Nf5 57. Bb2 Nd6 58. g4 Re3 59.
Bd4 Rd3 60. Bf6 Ne4 61. Re2 Kd5 62. Bh4 Nd2 63. Kg2 Ne4 64. g5 Rb3 65. g6 Rb6
66. g7 Rg6+ 67. Kf3 Nf6 68. Rg2 Rxg2 69. Kxg2 Ng8 70. Kf3 Ke6 71. Be1 Kf5 72.
Bc3 Ne7 73. Kg3 Kg5 74. Kf3 Kf5 75. Ke3 Ng8 76. Kd4 Ne7 77. Kc5 Ke6 78. h4 Kf7
79. h5 Nf5 80. Kc4 Kg8 81. Kd5 Nxg7 82. h6 Nf5 83. Bd2 Kh7 1/2-1/2

[Event "72. Bulgaria ch"]
[Site "Plovdiv BUL"]
[Date "2008.03.15"]
[Round "2.3"]
[White "Arnaudov, G. Petar"]
[Black "Rusev, Krasimir"]
[Result "0-1"]
[WhiteElo "2345"]
[BlackElo "2521"]
[PlyCount "96"]
[EventDate "2008.03.14"]
[EventType "tourn"]
[EventRounds "13"]
[EventCountry "BUL"]
[EventCategory "8"]
[Source "lmi"]
[SourceDate "2008.03.14"]

1. e4 e6 2. d4 d5 3. e5 c5 4. c3 Qb6 5. Nf3 Nc6 6. a3 c4 7. Nbd2 Na5 8. g3 Bd7
9. Bh3 O-O-O 10. Nh4 g5 11. Ng2 h5 12. Ne3 f6 13. f4 g4 14. Bg2 fxe5 15. fxe5
Bh6 16. Qe2 Ne7 17. O-O Be8 18. Rf6 Bg7 19. Rf2 Kb8 20. h3 gxh3 21. Bxh3 Bg6
22. Ng2 Bd3 23. Qe1 Rdg8 24. Kh2 Bh6 25. Nf3 Nf5 26. Bxh6 Rxh6 27. Bxf5 Bxf5
28. Nfh4 Be4 29. Qe3 Rhh8 30. Raf1 Nc6 31. Qd2 Bd3 32. Rg1 a6 33. b4 Rg4 34.
Rf6 Rhg8 35. Ne3 Re4 36. Rf4 Nxd4 37. Rxe4 Nb3 38. Qf2 Bxe4 39. Qf7 Rc8 40. Qf4
Ka7 41. Rd1 Bd3 42. Re1 d4 43. Nd1 dxc3 44. Nxc3 Qd4 45. Ne4 Bxe4 46. Rxe4 Qd2+
47. Ng2 c3 48. Qxd2 Nxd2 0-1

[Event "72. Bulgaria ch"]
[Site "Plovdiv BUL"]
[Date "2008.03.15"]
[Round "2.4"]
[White "Tsvetkov, Ilia"]
[Black "Vasilev, Milen"]
[Result "0-1"]
[WhiteElo "2352"]
[BlackElo "2470"]
[PlyCount "130"]
[EventDate "2008.03.14"]
[EventType "tourn"]
[EventRounds "13"]
[EventCountry "BUL"]
[EventCategory "8"]
[Source "lmi"]
[SourceDate "2008.03.14"]

1. c4 e5 2. Nc3 Nc6 3. Nf3 Nf6 4. e4 Bc5 5. Nxe5 Bxf2+ 6. Kxf2 Nxe5 7. d4 Ng6
8. e5 Ng8 9. Qh5 N8e7 10. Bd3 d6 11. exd6 Qxd6 12. Nb5 Qc6 13. Qf3 Qxf3+ 14.
Kxf3 Kd8 15. Bf4 Nxf4 16. Kxf4 Bd7 17. Nc3 a5 18. Be4 Ng6+ 19. Kg3 f5 20. Bf3
Ra6 21. Rhe1 h5 22. c5 h4+ 23. Kf2 Bc8 24. Rad1 h3 25. g3 f4 26. Nd5 fxg3+ 27.
Kxg3 Nh4 28. Be4 Rh5 29. Rf1 Nf5+ 30. Kf2 Rh4 31. Bxf5 Bxf5 32. Ne3 Bd7 33. Rg1
Rf6+ 34. Ke1 Re4 35. Rd3 Bb5 36. Rb3 Ba6 37. Rxg7 Rf1+ 38. Kd2 Rxd4+ 39. Kc3
Rd3+ 40. Kc2 Rf2+ 41. Kc1 Rxb3 42. axb3 Rxh2 43. Rh7 Be2 44. Kd2 Bg4+ 45. Kc3
Be6 46. Rh6 Ke7 47. Nc2 Rg2 48. Nd4 Bg4 49. c6 b6 50. Kc4 Kf7 51. Kd5 Kg7 52.
Rh4 Kf6 53. Ke4 Kg5 54. Rh8 h2 55. Nf3+ Bxf3+ 56. Kxf3 Rxb2 57. Ke4 Kg4 58. Kd5
Kg3 59. Kc4 Kg2 60. Rg8+ Kf1 61. Rh8 Kg1 62. Kb5 h1=Q 63. Rxh1+ Kxh1 64. Ka6
Rxb3 65. Kb7 a4 0-1

[Event "72. Bulgaria ch"]
[Site "Plovdiv BUL"]
[Date "2008.03.15"]
[Round "2.6"]
[White "Petkov, Vladimir"]
[Black "Milchev, Nikolay"]
[Result "1-0"]
[WhiteElo "2434"]
[BlackElo "2373"]
[PlyCount "93"]
[EventDate "2008.03.14"]
[EventType "tourn"]
[EventRounds "13"]
[EventCountry "BUL"]
[EventCategory "8"]
[Source "lmi"]
[SourceDate "2008.03.14"]

1. d4 Nf6 2. c4 c6 3. Nc3 d5 4. Nf3 dxc4 5. a4 Bf5 6. Ne5 Nbd7 7. Nxc4 Qc7 8.
g3 e5 9. dxe5 Nxe5 10. Bf4 Nfd7 11. Bg2 g5 12. Bxe5 Nxe5 13. Qd4 f6 14. O-O Rd8
15. Qe3 Be7 16. Nxe5 Qxe5 17. Qxa7 Bc8 18. Qb6 Rd4 19. Qb3 Rb4 20. Qc2 O-O 21.
a5 Bf5 22. Qc1 Rb8 23. Rd1 h5 24. Rd2 Rc4 25. Qd1 g4 26. Nd5 cxd5 27. Rxd5 Qxb2
28. Rxf5 Rd8 29. Qb1 Rb4 30. Qxb2 Rxb2 31. Rxh5 Rdd2 32. Bd5+ Kg7 33. Bc4 Bd6
34. Bd3 Kf7 35. Kg2 Be5 36. Ra4 Ke7 37. Rxg4 Kd6 38. Rh7 Ra2 39. Rxb7 Rxa5 40.
h4 Ra1 41. h5 Rdd1 42. Rh4 Rg1+ 43. Kf3 Raf1 44. Ke3 f5 45. Ra4 Kc6 46. Rb5
Bxg3 47. Ra6+ 1-0

[Event "72. Bulgaria ch"]
[Site "Plovdiv BUL"]
[Date "2008.03.15"]
[Round "2.7"]
[White "Janev, Evgeni"]
[Black "Mladenov, Plamen"]
[Result "1-0"]
[WhiteElo "2485"]
[BlackElo "2288"]
[PlyCount "92"]
[EventDate "2008.03.14"]
[EventType "tourn"]
[EventRounds "13"]
[EventCountry "BUL"]
[EventCategory "8"]
[Source "lmi"]
[SourceDate "2008.03.14"]

1. e4 c5 2. Nf3 d6 3. d4 cxd4 4. Nxd4 Nf6 5. Nc3 Nc6 6. g3 e5 7. Nde2 h6 8. Bg2
Be7 9. O-O O-O 10. h3 Be6 11. Nd5 Rc8 12. c4 Na5 13. Nxe7+ Qxe7 14. b3 a6 15.
Be3 b5 16. cxb5 axb5 17. Qd2 Nb7 18. Rfd1 Nc5 19. Qb4 Bd7 20. g4 h5 21. g5 Ne8
22. Rac1 f6 23. Qd2 Bc6 24. Ng3 fxg5 25. Bxg5 Qf7 26. h4 Bd7 27. Nf5 Bxf5 28.
exf5 Qxf5 29. b4 Na4 30. Rxc8 Qxc8 31. Rc1 Qf5 32. Qe2 Nf6 33. Qxb5 Nb2 34. Rc3
Qb1+ 35. Qf1 Qxa2 36. Qe2 Ng4 37. Bf3 Qa1+ 38. Kg2 Na4 39. Rc2 Qd4 40. Qe4 Qxe4
41. Bxe4 Nb6 42. Be7 Rf4 43. Bg6 Nxf2 44. Bg5 Rxb4 45. Kxf2 Nc4 46. Be7 e4 1-0

[Event "72. Bulgaria ch"]
[Site "Plovdiv BUL"]
[Date "2008.03.16"]
[Round "3.1"]
[White "Mladenov, Plamen"]
[Black "Kozhuharov, Spas"]
[Result "1/2-1/2"]
[WhiteElo "2288"]
[BlackElo "2456"]
[PlyCount "57"]
[EventDate "2008.03.14"]
[EventType "tourn"]
[EventRounds "13"]
[EventCountry "BUL"]
[EventCategory "8"]
[Source "lmi"]
[SourceDate "2008.03.14"]

1. c4 e6 2. e4 d5 3. exd5 exd5 4. d4 Nf6 5. Nc3 Bb4 6. Nf3 O-O 7. Be2 dxc4 8.
O-O Nc6 9. Bg5 h6 10. Bh4 Bg4 11. h3 Bxf3 12. Bxf3 Qxd4 13. Qxd4 Nxd4 14. Bxb7
Rab8 15. Bxf6 gxf6 16. Bd5 Bxc3 17. bxc3 Ne2+ 18. Kh2 Nxc3 19. Bxc4 Rb4 20. Bb3
Rd8 21. Rac1 Nb5 22. Rc5 Rd2 23. Re1 Kf8 24. Re3 Rxf2 25. Rd3 Rd4 26. Rg3 Rb4
27. Rd3 Rd4 28. Rg3 Rb4 29. Rd3 1/2-1/2

[Event "72. Bulgaria ch"]
[Site "Plovdiv BUL"]
[Date "2008.03.16"]
[Round "3.2"]
[White "Milchev, Nikolay"]
[Black "Janev, Evgeni"]
[Result "0-1"]
[WhiteElo "2373"]
[BlackElo "2485"]
[PlyCount "123"]
[EventDate "2008.03.14"]
[EventType "tourn"]
[EventRounds "13"]
[EventCountry "BUL"]
[EventCategory "8"]
[Source "lmi"]
[SourceDate "2008.03.14"]

1. Nf3 d6 2. d4 Nf6 3. c4 g6 4. Nc3 Bg7 5. e4 O-O 6. h3 e5 7. dxe5 dxe5 8. Be3
Nbd7 9. Be2 c6 10. a3 Qe7 11. b4 Nh5 12. g3 Rd8 13. Qb1 Nf8 14. c5 Ne6 15. Nd2
Nd4 16. Bg4 Bxg4 17. hxg4 Nf6 18. f3 h5 19. gxh5 Nxh5 20. Kf2 b6 21. cxb6 axb6
22. a4 b5 23. Rc1 bxa4 24. Rxa4 Rab8 25. b5 cxb5 26. Rb4 Qe6 27. Kg2 Bf8 28.
Nd5 Ne2 29. Rc7 Nexg3 30. Rxb5 Rxb5 31. Qxb5 Nf4+ 32. Bxf4 exf4 33. Rc6 Rd6 34.
Rc7 Qe5 35. Ne7+ Qxe7 36. Rxe7 Rxd2+ 37. Kh3 Bxe7 38. Qb8+ Rd8 39. Qxf4 Nh5 40.
Qc7 Kf8 41. Qc3 Bf6 42. e5 Be7 43. Kg4 Ng7 44. Kh3 Ne6 45. Kg3 Bg5 46. Qa3+ Kg7
47. Qa5 Rd2 48. f4 Bxf4+ 49. Kf3 Rd3+ 50. Kf2 Re3 51. Qa8 Rxe5 52. Qa1 g5 53.
Kf3 Kg6 54. Qb1+ f5 55. Qb7 g4+ 56. Kf2 Bg5 57. Qc6 Bh4+ 58. Kf1 Kg5 59. Kg1
Re1+ 60. Kh2 Re2+ 61. Kh1 Nf4 62. Kg1 0-1

[Event "72. Bulgaria ch"]
[Site "Plovdiv BUL"]
[Date "2008.03.16"]
[Round "3.3"]
[White "Iotov, Valentin"]
[Black "Petkov, Vladimir"]
[Result "1/2-1/2"]
[WhiteElo "2485"]
[BlackElo "2434"]
[PlyCount "95"]
[EventDate "2008.03.14"]
[EventType "tourn"]
[EventRounds "13"]
[EventCountry "BUL"]
[EventCategory "8"]
[Source "lmi"]
[SourceDate "2008.03.14"]

1. d4 Nf6 2. c4 e6 3. Nc3 Bb4 4. e3 O-O 5. Bd3 c5 6. Nf3 d5 7. O-O Nc6 8. a3
Bxc3 9. bxc3 Qc7 10. h3 Na5 11. cxd5 exd5 12. a4 c4 13. Bc2 Ne4 14. Ba3 Re8 15.
Bxe4 dxe4 16. Nd2 Bd7 17. Bb4 Nc6 18. Qb1 Nxb4 19. Qxb4 Rac8 20. a5 Qc6 21.
Rab1 Rc7 22. f3 exf3 23. Rxf3 f5 24. Rbf1 h6 25. e4 fxe4 26. Rf8+ Kh7 27. Qb1
Qg6 28. Rxe8 Bxe8 29. Nxe4 Bc6 30. Nd6 Re7 31. Qxg6+ Kxg6 32. Nc8 Re2 33. Rf2
Re1+ 34. Kh2 Re3 35. Nxa7 Bd7 36. Rb2 Rxc3 37. Rxb7 Bf5 38. Nb5 Rc2 39. Rb6+
Kg5 40. Nd6 Bd3 41. Kg3 Rc3 42. a6 Bg6+ 43. Kh2 Ra3 44. Nxc4 Ra4 45. Rb5+ Kf4
46. Ra5 Rxc4 47. a7 Be4 48. a8=Q 1/2-1/2

[Event "72. Bulgaria ch"]
[Site "Plovdiv BUL"]
[Date "2008.03.16"]
[Round "3.4"]
[White "Vasilev, Milen"]
[Black "Spasov, Vasil"]
[Result "1/2-1/2"]
[WhiteElo "2470"]
[BlackElo "2579"]
[PlyCount "63"]
[EventDate "2008.03.14"]
[EventType "tourn"]
[EventRounds "13"]
[EventCountry "BUL"]
[EventCategory "8"]
[Source "lmi"]
[SourceDate "2008.03.14"]

1. d4 Nf6 2. c4 g6 3. Nc3 Bg7 4. Nf3 O-O 5. g3 d6 6. Bg2 Nbd7 7. O-O e5 8. e4
exd4 9. Nxd4 Nc5 10. h3 Re8 11. Re1 Bd7 12. Nb3 Na4 13. Nxa4 Bxa4 14. Qc2 Nd7
15. Bd2 Re7 16. Bc3 Qf8 17. Bxg7 Qxg7 18. Qd2 Rae8 19. Re3 b6 20. Nd4 Nc5 21.
Rae1 a5 22. b3 Bd7 23. R1e2 Ne6 24. Nxe6 Rxe6 25. Qc3 Qxc3 26. Rxc3 Bc6 27.
Rce3 Kg7 28. a3 Re5 29. f4 R5e7 30. e5 Bxg2 31. Kxg2 dxe5 32. fxe5 1/2-1/2

[Event "72. Bulgaria ch"]
[Site "Plovdiv BUL"]
[Date "2008.03.16"]
[Round "3.5"]
[White "Rusev, Krasimir"]
[Black "Tsvetkov, Ilia"]
[Result "1/2-1/2"]
[WhiteElo "2521"]
[BlackElo "2352"]
[PlyCount "197"]
[EventDate "2008.03.14"]
[EventType "tourn"]
[EventRounds "13"]
[EventCountry "BUL"]
[EventCategory "8"]
[Source "lmi"]
[SourceDate "2008.03.14"]

1. d4 d5 2. Nf3 Nf6 3. c4 c6 4. Nc3 e6 5. Bg5 Nbd7 6. cxd5 exd5 7. e3 Be7 8.
Bd3 O-O 9. Qc2 Re8 10. O-O Nf8 11. h3 Be6 12. Rab1 N6d7 13. Bf4 Ng6 14. Bh2
Ndf8 15. b4 Rc8 16. b5 c5 17. b6 axb6 18. Qb2 Bd6 19. Bxd6 Qxd6 20. Na4 c4 21.
Bc2 Nd7 22. Nxb6 Nxb6 23. Qxb6 Qxb6 24. Rxb6 Ra8 25. a4 Bd7 26. Ra1 Bc6 27. Nd2
Ne7 28. Nb1 Nc8 29. Rb4 Nd6 30. Nc3 f5 31. h4 g6 32. g3 Kg7 33. Rab1 Ra6 34.
Bd1 Ne4 35. Ne2 h6 36. Bc2 g5 37. hxg5 hxg5 38. Kg2 Rh8 39. g4 Nxf2 40. Kxf2
Rh2+ 41. Ke1 fxg4 42. Kd2 g3 43. Rg1 g2 44. Ke1 Ra8 45. Kf2 Re8 46. Ng3 Rf8+
47. Nf5+ Kg6 48. Kg3 Rh1 49. Rxg2 Rc1 50. Nh4+ Kg7 51. Nf3 Re8 52. Ne5 Kf6 53.
Kg4 Rxe5 54. dxe5+ Kxe5 55. Kxg5 Re1 56. e4 Kd4 57. exd5 Bxd5 58. Rg3 Re5+ 59.
Kf4 Re2 60. Bf5 Bc6 61. a5 Rf2+ 62. Kg5 Kc5 63. Rb6 Ra2 64. Rb1 Rxa5 65. Kf4
Ra2 66. Be4 Bxe4 67. Kxe4 Re2+ 68. Kf4 Re7 69. Kf5 b5 70. Kf6 Rb7 71. Rd1 Kb4
72. Rb1+ Kc5 73. Rg5+ Kd4 74. Rd1+ Kc3 75. Rg3+ Kc2 76. Rh1 c3 77. Rh2+ Kb3 78.
Ke5 b4 79. Kd5 Rc7 80. Rh4 Rc8 81. Rf4 Rc7 82. Rh3 Rc8 83. Rg4 Rc7 84. Rf3 Rc8
85. Rh4 Rc7 86. Re4 Rc8 87. Rh3 Rc7 88. Rg4 Rc8 89. Re3 Rc7 90. Rf3 Rc8 91. Rh3
Rc7 92. Rhh4 c2 93. Rxb4+ Kc3 94. Kd6 Rc8 95. Kd7 Rc5 96. Kd6 Rc8 97. Kd7 Rc5
98. Kd6 Rc8 99. Kd5 1/2-1/2

[Event "72. Bulgaria ch"]
[Site "Plovdiv BUL"]
[Date "2008.03.16"]
[Round "3.6"]
[White "Nikolov, Momchil"]
[Black "Arnaudov, G. Petar"]
[Result "1-0"]
[WhiteElo "2500"]
[BlackElo "2345"]
[PlyCount "115"]
[EventDate "2008.03.14"]
[EventType "tourn"]
[EventRounds "13"]
[EventCountry "BUL"]
[EventCategory "8"]
[Source "lmi"]
[SourceDate "2008.03.14"]

1. d4 d5 2. Nf3 Nf6 3. c4 c6 4. Nc3 a6 5. a4 e6 6. Bg5 dxc4 7. e4 b5 8. e5 h6
9. Bh4 g5 10. Nxg5 hxg5 11. Bxg5 Nbd7 12. exf6 Bb7 13. Be2 Qb6 14. axb5 cxb5
15. Bf3 O-O-O 16. Qe2 Bh6 17. Be3 Nxf6 18. O-O Bd5 19. Ra2 a5 20. Rfa1 a4 21.
Nxa4 bxa4 22. Rxa4 Kd7 23. Bxd5 Bxe3 24. Ra6 Qb8 25. Bxe6+ fxe6 26. g3 Nd5 27.
Ra7+ Nc7 28. Qxe3 Kc8 29. Qe5 Rhf8 30. Qc5 Kd7 31. Rxc7+ Qxc7 32. Ra7 Qxa7 33.
Qxa7+ Kd6 34. Qc5+ Kd7 35. Qxc4 Rf5 36. b4 Rb8 37. h4 Rfb5 38. Qd3 Rd5 39. Qh7+
Kd6 40. Qg7 Rc8 41. g4 Rc4 42. Kg2 Rdxd4 43. f3 e5 44. Qf6+ Kd5 45. Qf7+ Kd6
46. Qf6+ Kd5 47. Qf5 Rxb4 48. h5 Kd6 49. h6 e4 50. fxe4 Rxe4 51. Kh3 Re8 52.
Qf6+ Kd7 53. h7 Rbb8 54. g5 Rf8 55. Qd4+ Ke6 56. g6 Rf6 57. Qe4+ Kd6 58. g7 1-0

[Event "72. Bulgaria ch"]
[Site "Plovdiv BUL"]
[Date "2008.03.16"]
[Round "3.7"]
[White "Radulski, Julian"]
[Black "Lilov, Valeri"]
[Result "1-0"]
[WhiteElo "2511"]
[BlackElo "2323"]
[PlyCount "79"]
[EventDate "2008.03.14"]
[EventType "tourn"]
[EventRounds "13"]
[EventCountry "BUL"]
[EventCategory "8"]
[Source "lmi"]
[SourceDate "2008.03.14"]

1. e4 Nf6 2. e5 Nd5 3. d4 d6 4. Nf3 g6 5. Bc4 Nb6 6. Bb3 Bg7 7. Qe2 d5 8. a4 a5
9. O-O O-O 10. Re1 Na6 11. Bd2 Nb8 12. h3 Nc6 13. Nc3 Be6 14. Nb5 Qc8 15. Ng5
Nd8 16. Nc3 Nc6 17. Be3 f6 18. exf6 exf6 19. Nxe6 Qxe6 20. Qf3 Rfd8 21. Ne4 Nb4
22. Nc5 Qc6 23. Bd2 Nc4 24. Bxb4 axb4 25. Re6 Rd6 26. Rxd6 cxd6 27. Nd3 Kh8 28.
Nxb4 Qb5 29. Nxd5 Nd2 30. Qc3 Qa5 31. Nc7 Qxc3 32. bxc3 Rc8 33. Nb5 f5 34. Bd5
b6 35. Re1 h5 36. Re6 g5 37. Nxd6 Rf8 38. Rg6 Kh7 39. Rxg5 Rd8 40. Rxh5+ 1-0

[Event "72. Bulgaria ch"]
[Site "Plovdiv BUL"]
[Date "2008.03.16"]
[Round "4.1"]
[White "Kozhuharov, Spas"]
[Black "Lilov, Valeri"]
[Result "1/2-1/2"]
[WhiteElo "2456"]
[BlackElo "2323"]
[PlyCount "41"]
[EventDate "2008.03.14"]
[EventType "tourn"]
[EventRounds "13"]
[EventCountry "BUL"]
[EventCategory "8"]
[Source "lmi"]
[SourceDate "2008.03.14"]

1. e4 e5 2. Nf3 Nc6 3. Bb5 a6 4. Bxc6 dxc6 5. O-O Bg4 6. h3 h5 7. d3 Qf6 8. Be3
Bxf3 9. Qxf3 Qxf3 10. gxf3 Bd6 11. Nd2 Ne7 12. Rfb1 f5 13. exf5 Nxf5 14. Kf1
O-O-O 15. Ke2 Rd7 16. Rg1 Rf7 17. c3 Nh4 18. Bg5 Ng6 19. Be3 Nh4 20. Bg5 Ng6
21. Be3 1/2-1/2

[Event "72. Bulgaria ch"]
[Site "Plovdiv BUL"]
[Date "2008.03.16"]
[Round "4.2"]
[White "Arnaudov, G. Petar"]
[Black "Radulski, Julian"]
[Result "0-1"]
[WhiteElo "2345"]
[BlackElo "2511"]
[PlyCount "100"]
[EventDate "2008.03.14"]
[EventType "tourn"]
[EventRounds "13"]
[EventCountry "BUL"]
[EventCategory "8"]
[Source "lmi"]
[SourceDate "2008.03.14"]

1. e4 e5 2. Nf3 Nc6 3. Bc4 Nf6 4. d4 exd4 5. e5 Ng4 6. O-O d6 7. exd6 Bxd6 8.
Re1+ Kf8 9. Na3 Qf6 10. Bg5 Bxh2+ 11. Nxh2 Qxg5 12. Nf3 Qf4 13. Nb5 Bd7 14.
Nbxd4 Nxd4 15. Qxd4 Qxd4 16. Nxd4 h5 17. Rad1 Nf6 18. Nf3 Bg4 19. Rd3 Bxf3 20.
Rxf3 Rd8 21. Ra3 a6 22. Rb3 b5 23. Bf1 Rh6 24. a4 c6 25. c4 bxa4 26. Rb6 Nd7
27. Rxa6 Rb8 28. Rd1 Ke7 29. Rxa4 Rxb2 30. Ra7 Rd6 31. Re1+ Kf6 32. c5 Nxc5 33.
Rc1 Nb3 34. Rc3 Nd2 35. Be2 g6 36. Rc7 Ne4 37. Re3 Ng5 38. Bf3 Rc2 39. Be4 Rc1+
40. Kh2 Kg7 41. g3 Re6 42. Bg2 Rxe3 43. fxe3 c5 44. Bd5 Rc3 45. e4 Kf6 46. Kg2
Ke5 47. Re7+ Kd4 48. Rd7 Ke3 49. e5 Rc2+ 50. Kf1 Rd2 0-1